| 000 | 00426nam a2200133Ia 4500 | ||
|---|---|---|---|
| 999 |
_c4751 _d4751 |
||
| 008 | 200103s 1992 ||||xx |||||||||||||| ||und|| | ||
| 020 | _a9780113405848 | ||
| 082 |
_a363.37092 _bHMS |
||
| 100 | _aHMSO | ||
| 245 | 0 | _aManual of firemanship : a survey of the science of fire fighting : Book 4,. Incidents involving aircraft, shipping and railways | |
| 260 |
_bHMSO _c1992 _aLondon |
||
| 300 | _axxvii, 266p. | ||
| 942 | _cBK | ||